[Event "EU-ch 12th"]
[Site "Aix les Bains"]
[Date "2011.04.01"]
[Round "10"]
[White "Charvin, Olivier"]
[Black "Pogosian, Vladimir"]
[Result "1-0"]
[WhiteElo "2054"]
[BlackElo "2222"]
[PlyCount "159"]
[EventDate "2011.03.22"]
[EventType "swiss"]
[EventRounds "11"]
[EventCountry "FRA"]
[SourceTitle "CBM 142 Extra"]
[Source "ChessBase"]
[SourceDate "2011.06.27"]
[SourceVersion "1"]
[SourceVersionDate "2011.06.27"]
[SourceQuality "1"]

1. e4 d6 2. d4 Nd7 3. Nf3 e5 4. dxe5 dxe5 5. Bc4 Bd6 6. Nc3 Nb6 7. Bb3 Nf6 8. h3 0-0 9. 0-0 Qe7 10. Bg5 h6 11. Bh4 a5 12. a3 c6 13. Nh2 g5 14. Bg3 Nbd7 15. Re1 Nc5 16. Ba2 b5 17. f3 Nh5 18. Bf2 Nf4 19. Ne2 Nxe2+ 20. Qxe2 Ne6 21. Bxe6 Bxe6 22. g4 Bc4 23. Qe3 Bb8 24. Qc5 Qf6 25. Rad1 Rc8 26. Kg2 Kg7 27. b3 Be6 28. Nf1 Ba7 29. Qd6 Rd8 30. Qc7 Rdc8 31. Qd6 Rd8 32. Qc7 Bxf2 33. Kxf2 Rac8 34. Qxa5 Qe7 35. Ne3 h5 36. Rxd8 Rxd8 37. Rd1 Rxd1 38. Nxd1 Qf6 39. Kg2 Qf4 40. Qe1 Qc1 41. Qe2 Qxa3 42. Qd2 Qe7 43. b4 h4 44. Ne3 f6 45. c3 Kf7 46. Qd3 Qa7 47. Qd2 Ke7 48. Kf2 Qa1 49. Kg2 Qb1 50. Kh2 Qa1 51. Kg2 Qa7 52. Kf2 c5 53. Kg2 cxb4 54. cxb4 Qd4 55. Qxd4 exd4 56. Nf5+ Kd7 57. Nxd4 Bc4 58. Kf2 Kd6 59. Nc2 Ke5 60. Ne3 Kd4 61. Nf5+ Kc3 62. f4 Kxb4 63. fxg5 fxg5 64. Nd4 Kc5 65. Ke3 b4 66. Nf3 b3 67. Kd2 Kb4 68. e5 b2 69. Kc2 Ka3 70. Nd2 Be6 71. Kc3 Ka2 72. Kd4 b1Q 73. Nxb1 Kxb1 74. Kc5 Bxg4 75. hxg4 h3 76. e6 h2 77. e7 h1Q 78. e8Q Qg1+ 79. Kd5 Qg2+ 80. Qe4+ 1-0

[Event "EU-ch 12th"]
[Site "Aix les Bains"]
[Date "2011.03.31"]
[Round "9"]
[White "Wagner, Dennis"]
[Black "Charvin, Olivier"]
[Result "1/2-1/2"]
[WhiteElo "2214"]
[BlackElo "2054"]
[PlyCount "42"]
[EventDate "2011.03.22"]
[EventType "swiss"]
[EventRounds "11"]
[EventCountry "FRA"]
[SourceTitle "CBM 142 Extra"]
[Source "ChessBase"]
[SourceDate "2011.06.27"]
[SourceVersion "1"]
[SourceVersionDate "2011.06.27"]
[SourceQuality "1"]

1. d4 d5 2. c4 c6 3. Nc3 e5 4. dxe5 d4 5. Ne4 Qa5+ 6. Bd2 Qxe5 7. Ng3 c5 8. Nf3 Qc7 9. Qc2 Nc6 10. 0-0-0 Nf6 11. e3 dxe3 12. fxe3 Bg4 13. Bc3 Be7 14. Nf5 0-0 15. a3 Rfe8 16. Be2 Bd8 17. Nxg7 Rxe3 18. Nf5 Rxc3 19. Nh6+ Kg7 20. Qxc3 Qf4+ 21. Kb1 Qxh6 1/2-1/2

[Event "EU-ch 12th"]
[Site "Aix les Bains"]
[Date "2011.03.30"]
[Round "8"]
[White "Charvin, Olivier"]
[Black "Ravot, Sylvain"]
[Result "0-1"]
[WhiteElo "2054"]
[BlackElo "2268"]
[PlyCount "184"]
[EventDate "2011.03.22"]
[EventType "swiss"]
[EventRounds "11"]
[EventCountry "FRA"]
[SourceTitle "CBM 142 Extra"]
[Source "ChessBase"]
[SourceDate "2011.06.27"]
[SourceVersion "1"]
[SourceVersionDate "2011.06.27"]
[SourceQuality "1"]

1. e4 c6 2. Nc3 d5 3. Nf3 d4 4. Ne2 c5 5. d3 Nc6 6. g3 e5 7. Bg2 f6 8. Nd2 Bd6 9. f4 Be6 10. Nf3 Nge7 11. Bd2 h6 12. c4 dxc3 13. bxc3 g5 14. f5 Bf7 15. Be3 Qa5 16. 0-0 Rd8 17. Qc2 Bc7 18. Rfd1 Bb6 19. Bf2 Qa6 20. Bf1 Bh5 21. Kg2 Qa5 22. Rd2 0-0 23. Rad1 Rd7 24. Be1 Rfd8 25. h3 g4 26. hxg4 Bxg4 27. Nh2 Bh5 28. g4 Bf7 29. Nf3 Kh7 30. Nc1 Qa3 31. Kh3 a5 32. Bf2 a4 33. Qb2 Qxb2 34. Rxb2 Ba7 35. Rb5 Bc4 36. Rb2 Ba6 37. Rbd2 Nc8 38. Ne1 Nd6 39. Nf3 Nxe4 40. dxe4 Bxf1+ 41. Kg3 Rxd2 42. Rxd2 Rxd2 43. Nxd2 Ba6 44. Kf3 Bb6 45. Ne2 Na5 46. Ng3 Kg7 47. Nh5+ Kf7 48. Be3 Nc4 49. Nxc4 Bxc4 50. a3 Ba5 51. Bd2 Bb3 52. Ke2 Bc2 53. Ng3 b5 54. Be1 b4 55. cxb4 cxb4 56. axb4 Bb6 57. Kd2 Bb3 58. Ne2 a3 59. Kc1 Bc4 60. Nc3 Bd4 61. Kc2 Ke7 62. Bd2 Kd6 63. Be1 Be3 64. Bh4 Bd4 65. Be1 Be3 66. Bh4 Kc6 67. Bg3 Bd4 68. Be1 Kd6 69. Bd2 a2 70. Kb2 Ke7 71. Be1 Kf7 72. Bd2 Kg7 73. Ka1 Kh7 74. Kb2 Kg7 75. Ka1 Kg8 76. Kb2 Kh8 77. Ka1 Kg7 78. Kb2 Be2 79. Kxa2 Bxg4 80. Nd5 Bf3 81. Kb3 Bxe4 82. Kc4 Bxf5 83. Nxf6 Kxf6 84. Bxh6 Be6+ 85. Kb5 e4 86. Kc6 e3 87. b5 e2 88. Bd2 Bf2 89. b6 e1Q 90. Bxe1 Bxe1 91. b7 Bg3 92. Kb6 Bb8 0-1

[Event "EU-ch 12th"]
[Site "Aix les Bains"]
[Date "2011.03.25"]
[Round "4"]
[White "Charvin, Olivier"]
[Black "Stanciu, Alexandru Ovidiu"]
[Result "0-1"]
[WhiteElo "2054"]
[BlackElo "2308"]
[PlyCount "98"]
[EventDate "2011.03.22"]
[EventType "swiss"]
[EventRounds "11"]
[EventCountry "FRA"]
[SourceTitle "CBM 142 Extra"]
[Source "ChessBase"]
[SourceDate "2011.06.27"]
[SourceVersion "1"]
[SourceVersionDate "2011.06.27"]
[SourceQuality "1"]

1. e4 c6 2. Nc3 d5 3. Nf3 Nf6 4. exd5 cxd5 5. d4 Nc6 6. Bf4 Bg4 7. Be2 e6 8. 0-0 Be7 9. Ne5 Bf5 10. a3 0-0 11. g4 Be4 12. g5 Nd7 13. Nxc6 bxc6 14. Nxe4 dxe4 15. f3 Bxg5 16. fxe4 Bxf4 17. Rxf4 Qg5+ 18. Rg4 Qe3+ 19. Kh1 Rad8 20. Rg2 Nc5 21. Qg1 Qxd4 22. Rxg7+ Qxg7 23. Qxc5 Kh8 24. Rg1 Qd4 25. Qxd4+ Rxd4 26. Bd3 c5 27. b3 f6 28. Rf1 Kg7 29. Kg2 Rb8 30. Rf3 Kf7 31. Rh3 Rg8+ 32. Kf2 Rg7 33. Rh5 e5 34. Kf1 Kg6 35. Rh3 Rb7 36. Rg3+ Kh6 37. Rh3+ Kg5 38. Rg3+ Kf4 39. Ke2 Rxe4+ 40. Bxe4 Kxe4 41. Rg4+ Kd5 42. Ke3 f5 43. Rg8 f4+ 44. Kf3 Kd4 45. Rd8+ Kc3 46. Rc8 Kxc2 47. b4 c4 48. Rxc4+ Kb3 49. Rc5 Re7 0-1

[Event "Cap d'Agde Cavalier op"]
[Site "Cap d'Agde"]
[Date "2008.10.30"]
[Round "7"]
[White "Fageot, Julien"]
[Black "Charvin, Olivier"]
[Result "1-0"]
[WhiteElo "2022"]
[BlackElo "2066"]
[PlyCount "69"]
[EventDate "2008.10.25"]
[EventType "swiss"]
[EventRounds "9"]
[EventCountry "FRA"]
[SourceTitle "EXT 2010"]
[Source "ChessBase"]
[SourceDate "2010.11.25"]
[SourceVersion "1"]
[SourceVersionDate "2010.11.25"]
[SourceQuality "1"]

1. c4 e6 2. Nc3 d5 3. d4 c5 4. Nf3 cxd4 5. Nxd4 e5 6. Ndb5 d4 7. Nd5 Na6 8. e3 Bd7 9. a4 Bxb5 10. axb5 Nb4 11. Nxb4 Bxb4+ 12. Bd2 Qe7 13. Ra4 Bd6 14. exd4 exd4+ 15. Qe2 Kd8 16. Qxe7+ Nxe7 17. Bd3 Re8 18. 0-0 Nc8 19. Rfa1 g6 20. Kf1 f6 21. Be2 Re7 22. R1a2 Ke8 23. b4 b6 24. Rc2 Rc7 25. Bf3 Rb8 26. Bc6+ Kd8 27. c5 bxc5 28. bxc5 Rxc6 29. bxc6 Be5 30. f4 d3 31. Rc1 Bb2 32. Rb1 Kc7 33. Ba5+ Kxc6 34. Bc3 d2 35. Ke2 1-0

[Event "Cap d'Agde op"]
[Site "Cap d'Agde"]
[Date "2006.11.02"]
[Round "9"]
[White "Charvin, Olivier"]
[Black "Aflalo, Sophie"]
[Result "1/2-1/2"]
[WhiteElo "2086"]
[BlackElo "1959"]
[PlyCount "80"]
[EventDate "2006.10.26"]
[EventType "swiss"]
[EventRounds "9"]
[EventCountry "FRA"]
[SourceTitle "EXT 2007"]
[Source "ChessBase"]
[SourceDate "2006.11.23"]
[SourceVersion "1"]
[SourceVersionDate "2006.11.23"]
[SourceQuality "1"]

1. e4 c5 2. c3 d5 3. exd5 Qxd5 4. d4 Nf6 5. Nf3 Bg4 6. Be2 e6 7. 0-0 Nc6 8. Qa4 Be7 9. Rd1 0-0 10. dxc5 Qxc5 11. Be3 Qa5 12. Qxa5 Nxa5 13. h3 Bh5 14. g4 Bg6 15. Ne5 Be4 16. f3 Nd5 17. Bf2 Nf4 18. Bf1 Bxb1 19. Raxb1 f6 20. Rd7 fxe5 21. Rxe7 Ng6 22. Rxe6 Rxf3 23. Bg2 Rff8 24. Rd1 Rad8 25. Red6 Rxd6 26. Rxd6 Nf4 27. Bxa7 Nxg2 28. Kxg2 Ra8 29. Bf2 Nc4 30. Rd7 Rxa2 31. Rxb7 Rxb2 32. Rc7 Nd6 33. Kf3 h6 34. Bg3 Nf7 35. Ke4 Rg2 36. Kf3 Rc2 37. h4 Rc1 38. Rc5 Rc2 39. Ke4 Rg2 40. Kf3 Rc2 1/2-1/2

[Event "FRA-ch op-A"]
[Site "Aix les Bains"]
[Date "2003.08.23"]
[Round "5"]
[White "Girard, Eric"]
[Black "Charvin, Olivier"]
[Result "1/2-1/2"]
[WhiteElo "2144"]
[BlackElo "2084"]
[PlyCount "37"]
[EventDate "2003.08.19"]
[EventType "swiss"]
[EventRounds "11"]
[EventCountry "FRA"]
[SourceTitle "EXT 2004"]
[Source "ChessBase"]
[SourceDate "2003.11.25"]
[SourceVersion "1"]
[SourceVersionDate "2003.11.25"]
[SourceQuality "1"]

1. c4 e6 2. Nc3 d5 3. d4 c5 4. cxd5 exd5 5. Nf3 Nc6 6. g3 Nf6 7. Bg2 Be7 8. 0-0 0-0 9. b3 Ne4 10. Bb2 Bf6 11. Na4 b5 12. Nxc5 Nxc5 13. Qc2 Nxb3 14. axb3 Qb6 15. e3 Be6 16. Rfc1 Rfc8 17. Qd2 a5 18. Ne5 Nb4 19. Bc3 1/2-1/2

[Event "Lyon LOE op"]
[Site "Lyon"]
[Date "2002.05.10"]
[Round "5"]
[White "Martin, Bruno"]
[Black "Charvin, Olivier"]
[Result "1/2-1/2"]
[WhiteElo "1840"]
[BlackElo "2120"]
[PlyCount "35"]
[EventDate "2002.05.??"]
[EventType "swiss"]
[EventRounds "9"]
[EventCountry "FRA"]
[SourceTitle "EXT 2004"]
[Source "ChessBase"]
[SourceDate "2003.11.25"]
[SourceVersion "1"]
[SourceVersionDate "2003.11.25"]
[SourceQuality "1"]

1. d4 d5 2. c4 dxc4 3. e4 e5 4. Nf3 Bb4+ 5. Bd2 Bxd2+ 6. Nbxd2 exd4 7. Bxc4 c5 8. 0-0 Ne7 9. Qb3 0-0 10. Ne5 Qe8 11. Ndf3 Nbc6 12. Nxf7 Rxf7 13. Ng5 Ne5 14. Nxf7 Nxf7 15. f4 a6 16. Qb6 Nc6 17. Qxc5 Be6 18. Bd5 1/2-1/2

[Event "Lyon LOE op"]
[Site "Lyon"]
[Date "2002.05.08"]
[Round "2"]
[White "Charvin, Olivier"]
[Black "Mendola, Daniel"]
[Result "1-0"]
[WhiteElo "2120"]
[BlackElo "2073"]
[PlyCount "41"]
[EventDate "2002.05.??"]
[EventType "swiss"]
[EventRounds "9"]
[EventCountry "FRA"]
[SourceTitle "EXT 2004"]
[Source "ChessBase"]
[SourceDate "2003.11.25"]
[SourceVersion "1"]
[SourceVersionDate "2003.11.25"]
[SourceQuality "1"]

1. e4 c6 2. Nc3 d5 3. Qf3 d4 4. Bc4 e6 5. Nce2 c5 6. a3 Nc6 7. Qg3 Nf6 8. d3 b5 9. Ba2 Bb7 10. f4 Be7 11. Nf3 Qc7 12. Bd2 Rg8 13. 0-0 h6 14. Kh1 0-0-0 15. Qe1 g5 16. f5 exf5 17. Bxf7 fxe4 18. Bxg8 Rxg8 19. dxe4 Nxe4 20. Ng3 Nxd2 21. Qe6+ 1-0